| 000 | 01359nam a2200313 a 4500 | ||
|---|---|---|---|
| 001 | ebr10467635 | ||
| 003 | CaPaEBR | ||
| 006 | m u | ||
| 007 | cr cn||||||||| | ||
| 008 | 110518s2011 enka s 001 0 eng d | ||
| 020 | _z9781849682404 | ||
| 020 | _z9781849682411 (e-book) | ||
| 040 |
_aCaPaEBR _cCaPaEBR |
||
| 035 | _a(OCoLC)732956491 | ||
| 050 | 1 | 4 |
_aTK5105.8885.L67 _bE45 2011eb |
| 100 | 1 | _aEllis, Richard G. | |
| 245 | 1 | 0 |
_aIBM Lotus Domino _h[electronic resource] : _bclassic web application development techniques : a step-by-step guide for web application development and quick tips to enhance applications using IBM Lotus Domino / _cRichard G. Ellis. |
| 260 |
_aBirmingham, U.K. : _bPackt Enterprise, _c2011. |
||
| 300 |
_ax, 320 p. : _bill. (some col.) |
||
| 500 | _a"Professional experience distilled"--Cover. | ||
| 500 | _aIncludes index. | ||
| 533 |
_aElectronic reproduction. _bPalo Alto, Calif. : _cebrary, _d2011. _nAvailable via World Wide Web. _nAccess may be limited to ebrary affiliated libraries. |
||
| 630 | 0 | 0 | _aLotus Domino. |
| 650 | 0 |
_aApplication software _xDevelopment. |
|
| 650 | 0 | _aWeb site development. | |
| 655 | 7 |
_aElectronic books. _2local |
|
| 710 | 2 | _aebrary, Inc. | |
| 856 | 4 | 0 |
_uhttp://site.ebrary.com/lib/rucke/Doc?id=10467635 _zAn electronic book accessible through the World Wide Web; click to view |
| 999 |
_c131505 _d131505 |
||